1365 1207 1881 1033 1597 1633 1716 1590 1424 1530 1157 1850 1713 1842 1852 1150 1419 1862 1935 1041 1997 1219 1938 1175 1121 1670 1579 1116 1279 1535 1549 1347 1042 1267 1103 1508 1984 1812 1536 1283 1693 1936 1472 1563 1010 1882 1783 1527 1437 1802 1103 1640 1036 1009 1439 1228 1245 1403 1215 1469 1063 1785 1579 1672 1107 1556 1783 1299 1647 1390 1600 1217 1783 1564 1587 1224 1384 1497 1322 1980 1642 1641 1731 1242 1247 1464 1251 1693 1302 1031 1290 1540 1264 1637 1205 1015 1151 1270 1596 BCNSPRNW ULIB Ver.6.0+V

เปลี่ยนเป็นภาษาไทย

Change to English
 แสดงรายละเอียดบรรณานุกรม
  กลับหน้าหลัก

Brief Record : Get Marc (ISO 2709) : E-mail record : QR code < ปิดหน้าต่าง
LEADER : 00000nam 2200000uu 4500
001    13399112227
003     ULIB
008    110627s2553||||th 000 0 tha d
020    9786165000376
090    นว.^bพ723ข 2553
100 0  พิมพิสุธญ์
245 00 ข้ามฟ้าหิมาลัย/^cพิมพิสุธญ์
250    พิมพ์ครั้งที่ 1
260    กรุงเทพฯ :^bพิมพ์คำ,^c2553
300    424 หน้า
710 1  พิมพ์คำ
945    ^p260^l0^i028039
995    ทศพร
999 ^a ใช้งานได้ทุกระบบ
รายการนี้ยังไม่มีแท็ก
คุณยังไม่ได้ล็อกอิน คุณสามารถมีกิจกรรมร่วมกับเว็บไซต์ได้ แต่ต้องล็อกอินก่อน ::
  ล็อกอิน

รายการสื่อสารสนเทศ

ลำดับที่ ประเภท เลขเรียก/บาร์โค้ด สถานที่ สถานะ
- ไม่พบข้อมูล -

รายการใกล้เคียง
    ผู้แต่ง [พิมพิสุธญ์]

BibComment


ยังไม่เคยถูกคอมเมนท์

คอมเมนท์ทรัพยากรรายการนี้
  คอมเมนท์: ข้ามฟ้าหิมาลัย พิ..


 Copyright 2026. Bcnsprnw @Library